Đại cương lịch sử Việt Nam

Sách cố gắng phản ánh một cách tương đối toàn diện cuộc đấu tranh của nhân dân ta, không chỉ về mặt chính trị quân sự, mà cả về mặt kinh tế, văn hóa, xã hội, đặc biệt về mặt kinh tế truớc đây chưa dược chú trọng đúng mức....

Descrición completa

Gardado en:
Detalles Bibliográficos
Autor Principal: Đinh, Xuân Lâm
Formato: Libro
Idioma:Undetermined
Publicado: Hà Nội Giáo dục 1998
Những chủ đề:
Các nhãn: Engadir etiqueta
Sen Etiquetas, Sexa o primeiro en etiquetar este rexistro!
Thư viện lưu trữ: Trung tâm Học liệu Trường Đại học Cần Thơ
LEADER 00964nam a2200205Ia 4500
001 CTU_29620
008 210402s9999 xx 000 0 und d
082 |a 959.7 
082 |b L120/T.2 
100 |a Đinh, Xuân Lâm 
245 0 |a Đại cương lịch sử Việt Nam 
245 0 |c Đinh Xuân Lâm (Chủ biên) ; Nguyễn Văn Khánh, Nguyễn Đình Lễ 
260 |a Hà Nội 
260 |b Giáo dục 
260 |c 1998 
520 |a Sách cố gắng phản ánh một cách tương đối toàn diện cuộc đấu tranh của nhân dân ta, không chỉ về mặt chính trị quân sự, mà cả về mặt kinh tế, văn hóa, xã hội, đặc biệt về mặt kinh tế truớc đây chưa dược chú trọng đúng mức. 
650 |a Vietnam 
650 |x History 
904 |i M.Loan 
980 |a Trung tâm Học liệu Trường Đại học Cần Thơ